Katalog podpůrných opatření pro žáky s potřebou podpory ve vzdělávání z důvodu zrakového postižení a oslabení zrakového vnímání : dílčí část /

Main Author: Janková, Jana
Language: Czech
Published: Olomouc : Univerzita Palackého v Olomouci, 2015
Edition: 1. vydání
Series: Ostatní odborné publikace
Subjects:
Physical Description: 234 stran ; 30 cm
Book
Saved in:
LEADER 02472nam a2200601 i 4500
001 nkc20152723672
003 CZ PrNK
005 20151217111043.0
007 ta
008 150807s2015 xr f f 000 0 cze
015 |a cnb002723672 
020 |a 978-80-244-4649-3  |q (brožováno) :  |c neprodejné 
035 |a (OCoLC)920663804 
040 |a BOA001  |b cze  |e rda 
072 7 |a 376  |x Výchova a vzdělávání zvláštních skupin osob  |2 Konspekt  |9 22 
080 |a 376  |2 MRF 
080 |a 37.043.2  |2 MRF 
080 |a 37.04  |2 MRF 
080 |a 316.344.6-056.262-053.2  |2 MRF 
080 |a (072)  |2 MRF 
080 |a (048.8:082)  |2 MRF 
100 1 |a Janková, Jana  |7 pna2015888747  |4 aut 
245 1 0 |a Katalog podpůrných opatření pro žáky s potřebou podpory ve vzdělávání z důvodu zrakového postižení a oslabení zrakového vnímání :  |b dílčí část /  |c Jana Janková a kolektiv 
246 3 0 |a Katalog podpůrných opatření 
246 1 8 |a Katalog PO pro žáky s potřebou podpory ve vzdělávání z důvodu zrakového postižení a oslabení zrakového vnímání 
250 |a 1. vydání 
264 1 |a Olomouc :  |b Univerzita Palackého v Olomouci,  |c 2015 
300 |a 234 stran ;  |c 30 cm 
336 |a text  |b txt  |2 rdacontent 
337 |a bez média  |b n  |2 rdamedia 
338 |a svazek  |b nc  |2 rdacarrier 
490 1 |a Ostatní odborné publikace 
500 |a Pod názvem: Systémová podpora inkluzivního vzdělávání v ČR 
500 |a Terminologický slovník 
504 |a Obsahuje bibliografie 
650 0 7 |a speciální pedagogika  |7 ph116230  |2 czenas 
650 0 7 |a integrovaná výchova a vzdělávání  |7 ph121132  |2 czenas 
650 0 7 |a speciální vzdělávací potřeby  |7 ph754025  |2 czenas 
650 0 7 |a děti se zrakovým postižením  |7 ph116790  |2 czenas 
650 0 9 |a special education  |2 eczenas 
650 0 9 |a integrated education  |2 eczenas 
650 0 9 |a special educational needs  |2 eczenas 
650 0 9 |a children with visual disabilities  |2 eczenas 
655 7 |a metodické příručky  |7 fd132826  |2 czenas 
655 7 |a kolektivní monografie  |7 fd501537  |2 czenas 
655 9 |a methodological manuals  |2 eczenas 
655 9 |a collective monographs  |2 eczenas 
810 2 |a Univerzita Palackého.  |t Ostatní odborné publikace  |0 s 
910 2 |a BOA001  |b 4-1353.036 
990 |a BK 
995 |a 01 
991 |b 201508  |c NOV  |e n 
996 6 |b 2610641758  |c 4-1353.036  |l MZK  |r Sklad / do 1 hodiny  |n 4  |p p.v.  |w 001518628  |u 000010  |a 1  |e BOA001  |j MZK50  |s P